|
|
|
|
| LEADER |
00000cam a22000007a 4500 |
| 001 |
18300 |
| 003 |
CZ-ZlUTB |
| 005 |
20190825233711.0 |
| 008 |
950218s1971 ru |||||r|||||||||||rus|d |
| 040 |
|
|
|a ZLD002
|b cze
|c ZLD002
|d ZLD002
|
| 072 |
|
7 |
|a 531
|x Obecná mechanika. Mechanika pevných a tuhých těles
|2 Konspekt
|9 6
|
| 245 |
0 |
0 |
|a Uprugost' i neuprugost' :
|b Sbornik trudov naučno-issledovatelskogo seminara
|
| 260 |
|
|
|a Moskva :
|b Moskovskij universitet,
|c 1971
|
| 300 |
|
|
|a 268 s.
|
| 650 |
0 |
7 |
|a pevnost
|7 ph124064
|2 czenas
|
| 650 |
0 |
7 |
|a pružnost
|7 ph124697
|2 czenas
|
| 650 |
0 |
4 |
|a sborníky
|
| 700 |
1 |
|
|a Ogibalov, Petr Matvejevič,
|d 1907-1991
|7 uk2009534330
|4 edt
|
| 910 |
|
|
|a ZLD002
|
| 952 |
|
|
|0 0
|1 0
|4 0
|6 539UPRUGOST
|7 0
|8 BOOK
|9 31556
|a UTBZL
|b UTBZL
|c 030
|d 2006-07-29
|i 47747
|l 0
|o 539/UPRUGOST'
|p 420010018649
|r 2019-08-25 00:00:00
|w 2019-08-25
|x 20100831
|y 05
|
| 992 |
|
|
|a BK
|b SK
|
| 999 |
|
|
|c 18300
|d 18300
|